| 000 | 00757nam a2200241 a 4500 | ||
|---|---|---|---|
| 001 | 000004164 | ||
| 003 | DO-SdBNP | ||
| 005 | 20240412074202.0 | ||
| 007 | ta | ||
| 008 | 090717s2006 dr a 000 0 spa d | ||
| 020 | _z9945420097 | ||
| 040 |
_aDO-SdBNP _bspa _cBNPHU |
||
| 082 | 4 |
_aRD861.5 _bN451e _222 |
|
| 100 | 1 |
_aNeronessa, _d1988- _912307 |
|
| 245 | 1 | 3 |
_aLa estirpe de las gárgolas 17 / _cNeronessa. |
| 260 |
_aSan Francisco de Macorís, República Dominicana : _bSecretaría de Estado de Cultura; _bÁngeles de Fierro, _c2006. |
||
| 300 |
_a67 p. ; _c18 cm. |
||
| 590 | _aInventariado, 2019 / DG | ||
| 650 | 4 |
_aPoesía dominicana _966 |
|
| 650 | 0 |
_aLiteratura dominicana. _967 |
|
| 910 | _aValidado. Control de calidad MMOLINA | ||
| 942 |
_2ddc _cLBS1 |
||
| 999 |
_c3980 _d3980 |
||